000 01471nam a2200421 i 4500
001 8910
003 KOSZ 005
005 20240405062959.0
008 070723s1970 pl a g 001 0 pol
015 _aPB 1970/3243
040 _aWA N
_cWA N
_dKOSZ 005/RW
_dKOSZ 005/HR
041 0 _apol
_hrus
046 _k1970
080 _a335.5
080 _a94(438).08
080 _a929-51(438)"19"
245 0 0 _aPolacy o Leninie :
_bwspomnienia /
_coprac. Leonard Dubacki, Zbigniew Iwańczuk, Jan Sobczak ; red. J. Sobczak ; Zakład Historii Partii przy KC PZPR.
260 _aWarszawa :
_b"Książka i Wiedza",
_c1970.
300 _aXIV, [2], 531, [8] s. [24] k. tabl. :
_bil. ;
_c27 cm.
380 _aKsiążki
388 _a1901-2000
388 _a1945-1989
504 _aIndeks.
546 _aTekst częśc. tł. z ros.
600 1 4 _aLenin, Włodzimierz
_d(1870-1924)
648 4 _a1901-2000
651 4 _aPolska
651 4 _aZSRR
655 4 _aPamiętniki polskie
655 4 _aAntologia
658 _aHistoria
700 1 _aDubacki, Leonard.
_eOpracowanie
700 1 _aIwańczuk, Zbigniew
_d(?-2004).
_eOpracowanie
700 1 _aSobczak, Jan
_d(1932-2013).
_eRedakcja
710 2 _aSpółdzielnia Wydawniczo-Handlowa "Książka i Wiedza"
_4pbl.
856 _uhttp://koha.tu.koszalin.pl/cgi-bin/koha/opac-detail.pl?biblionumber=8910
_yKatalog online BPK
942 _2UKD
_cKS
999 _c8910
_d8910